000 00289nam a22001337a 4500
008 170605b xxu||||| |||| 00| 0 eng d
020 _a9780395829004
041 _aeng
080 _22ND
_a93
100 _a18
101 _aSHH
245 _aWESTERN CIVILIZATION
_cNOBLE
942 _2udc
_cBK
999 _c15984
_d15984